000 00653cam a22002293a 4500
001 20313
003 PGUSA
005 20140828083429.0
008 070108s2007||||xxu|||||s|||||000 | eng d
040 _aPGUSA
_beng
042 _adc
050 4 _aQA
100 1 _aKlein, Felix,
_d1849-1925
245 1 0 _aUeber Riemann's Theorie der Algebraischen Functionen
_h[electronic resource] /
_cFelix Klein
260 _bProject Gutenberg,
_c2007
506 _aPublic domain in the USA.
516 _aElectronic text
653 _aAlgebraic functions
830 0 _aProject Gutenberg
_v20313
856 4 0 _uhttp://www.gutenberg.org/ebooks/20313
942 _cEB
999 _c249568
_d249568